[Event "Belgrade Trophy 35th"]
[Site "Belgrade"]
[Date "2021.11.30"]
[Round "7"]
[White "Milutinovic, Dejan D"]
[Black "Stankovic, Andrea"]
[Result "0-1"]
[WhiteElo "1962"]
[BlackElo "1602"]
[PlyCount "66"]
[EventDate "2021.11.24"]
[EventType "swiss"]
[EventRounds "9"]
[EventCountry "SRB"]
[SourceTitle "CBM 205 Extra"]
[Source "ChessBase"]
[SourceDate "2022.01.31"]
[SourceVersion "1"]
[SourceVersionDate "2022.01.31"]
[SourceQuality "1"]

1. e4 e6 2. d3 c5 3. g3 Nc6 4. Nc3 Nf6 5. Bg2 Be7 6. f4 d5 7. e5 Nd7 8. Nge2 Qb6 9. 0-0 0-0 10. a3 a6 11. b3 Qc7 12. d4 cxd4 13. Nb1 Bc5 14. Kh1 f6 15. exf6 Nxf6 16. Bb2 Ng4 17. Qd3 Ne3 18. Re1 e5 19. Qd2 Bf5 20. Rc1 Nxg2 21. Kxg2 Be4+ 22. Kf1 exf4 23. gxf4 Ne5 24. Nxd4 Bxd4 25. Qxd4 Rxf4+ 26. Ke2 Bf3+ 27. Kd2 Rxd4+ 28. Bxd4 Nc6 29. Ke3 Qxh2 30. Nc3 Nxd4 31. Kxd4 Qd2+ 32. Ke5 Qxc3+ 33. Kf4 Rf8+ 0-1

[Event "Belgrade Trophy 35th"]
[Site "Belgrade"]
[Date "2021.11.29"]
[Round "6"]
[White "Abramovic, Bosko"]
[Black "Milutinovic, Dejan D"]
[Result "1-0"]
[WhiteElo "2274"]
[BlackElo "1962"]
[PlyCount "56"]
[EventDate "2021.11.24"]
[EventType "swiss"]
[EventRounds "9"]
[EventCountry "SRB"]
[SourceTitle "CBM 205 Extra"]
[Source "ChessBase"]
[SourceDate "2022.01.31"]
[SourceVersion "1"]
[SourceVersionDate "2022.01.31"]
[SourceQuality "1"]

1. Nf3 Nf6 2. c4 d6 3. d4 Nbd7 4. Nc3 e5 5. g3 g6 6. Bg2 Bg7 7. 0-0 0-0 8. e4 c6 9. b3 Re8 10. h3 h6 11. Re1 Qc7 12. Be3 Kh7 13. Qd2 Ng8 14. Rad1 Bf8 15. Nh2 Ndf6 16. f4 b6 17. Nf3 Nd7 18. g4 f6 19. Rf1 a6 20. a4 Rb8 21. g5 exd4 22. Nxd4 Nc5 23. Bf3 a5 24. Bf2 Bd7 25. Bg3 Rbd8 26. Qh2 Qc8 27. f5 Qc7 28. Qc2 gxf5 1-0

[Event "Belgrade-chT Quality"]
[Site "Belgrade"]
[Date "2021.10.24"]
[Round "4.6"]
[White "Savkic, Igor"]
[Black "Milutinovic, Dejan D"]
[Result "1-0"]
[WhiteElo "1989"]
[BlackElo "1962"]
[PlyCount "65"]
[EventDate "2021.10.16"]
[EventType "team-tourn"]
[EventRounds "11"]
[EventCountry "SRB"]
[SourceTitle "EXT 2023"]
[Source "ChessBase"]
[SourceDate "2022.10.05"]
[SourceVersion "1"]
[SourceVersionDate "2022.10.05"]
[SourceQuality "1"]
[WhiteTeam "Belgrade Bask"]
[BlackTeam "Belgrade Mladenovac"]
[WhiteTeamCountry "SRB"]
[BlackTeamCountry "SRB"]

1. e4 d6 2. d4 Nf6 3. Bd3 Nbd7 4. c4 e5 5. Nf3 Be7 6. Nc3 c6 7. Bg5 0-0 8. Qc2 a5 9. 0-0-0 exd4 10. Nxd4 Nc5 11. Nf5 Bxf5 12. exf5 Ng4 13. Bf4 Bg5 14. Bxg5 Qxg5+ 15. Kb1 Nxd3 16. Rxd3 Qxf5 17. Rxd6 Qxf2 18. Qxf2 Nxf2 19. Rf1 Ng4 20. Rd7 Rab8 21. Rf5 b6 22. Rg5 Nh6 23. Ne4 Kh8 24. c5 Rbe8 25. Nd6 Rd8 26. Rxd8 Rxd8 27. cxb6 f5 28. Rxf5 Rb8 29. Rxa5 Ng4 30. b7 Nf6 31. Ra8 Nd7 32. Nf7+ Kg8 33. Ne5 1-0

[Event "Belgrade Spring op"]
[Site "Belgrade"]
[Date "2021.04.02"]
[Round "1"]
[White "Milutinovic, Dejan D"]
[Black "Sargsyan, Shant"]
[Result "0-1"]
[WhiteElo "1989"]
[BlackElo "2598"]
[PlyCount "133"]
[EventDate "2021.04.02"]
[EventType "swiss"]
[EventRounds "9"]
[EventCountry "SRB"]
[SourceTitle "CBM 202 Extra"]
[Source "ChessBase"]
[SourceDate "2021.07.31"]
[SourceVersion "1"]
[SourceVersionDate "2021.07.31"]
[SourceQuality "1"]

1. d4 d6 2. Nf3 g6 3. g3 Bg7 4. Bg2 Nf6 5. 0-0 Ne4 6. c4 0-0 7. Nbd2 Nxd2 8. Bxd2 Nd7 9. Qc1 e5 10. Bh6 e4 11. Ne1 Nf6 12. Bg5 Qd7 13. Nc2 Re8 14. Rd1 c6 15. Rb1 Qf5 16. Qf4 Qxf4 17. Bxf4 d5 18. c5 b6 19. Nb4 Bb7 20. cxb6 Bf8 21. Bd2 axb6 22. a3 Nd7 23. Bh3 f5 24. g4 c5 25. Nc2 fxg4 26. Bxg4 Nf6 27. Bh3 c4 28. Bg5 Kf7 29. Rf1 h6 30. Bd2 Bc8 31. Bg2 g5 32. f3 exf3 33. Bxf3 Kg6 34. Ne3 Be6 35. Rbe1 b5 36. Rf2 Bd6 37. Nf1 Bg4 38. Bg2 Ne4 39. Bxe4+ Rxe4 40. e3 h5 41. Ng3 Re6 42. Ne2 Bxe2 43. Rfxe2 Rae8 44. Kg2 Re4 45. h3 g4 46. Rf2 gxh3+ 47. Kxh3 Rg4 48. Ref1 Rg3+ 49. Kh4 Re4+ 50. Rf4 Bxf4 51. exf4 Rg4+ 52. Kh3 Kf5 53. a4 bxa4 54. Ra1 Rxd4 55. Bc3 Rd3+ 56. Kh2 d4 57. Be1 Re3 58. Bb4 Re2+ 59. Kh3 Rxb2 60. Rxa4 Rb3+ 61. Kh2 Rxf4 62. Bd6 Rf2+ 63. Kg1 Rc2 64. Ra1 d3 65. Rf1+ Ke6 66. Bf4 d2 67. Bxd2 0-1

[Event "Belgrade Trophy 32nd"]
[Site "Belgrade"]
[Date "2018.11.29"]
[Round "6"]
[White "Milutinovic, Dejan D"]
[Black "Kostic, V Vladimir"]
[Result "1/2-1/2"]
[WhiteElo "1977"]
[BlackElo "2266"]
[PlyCount "40"]
[EventDate "2018.11.24"]
[EventType "swiss"]
[EventRounds "9"]
[EventCountry "SRB"]
[SourceTitle "CBM 187 Extra"]
[Source "ChessBase"]
[SourceDate "2018.11.04"]
[SourceVersion "1"]
[SourceVersionDate "2018.11.04"]
[SourceQuality "1"]

1. d4 c5 2. c3 e6 3. Nf3 Nf6 4. e3 b6 5. Bd3 Bb7 6. Nbd2 d5 7. b3 Nc6 8. 0-0 Be7 9. Bb2 0-0 10. Rc1 Rc8 11. Qe2 Qd6 12. c4 cxd4 13. exd4 Nb4 14. Bb1 dxc4 15. Nxc4 Qf4 16. Nce5 Ba6 17. Nc4 Bb7 18. Nce5 Ba6 19. Nc4 Bb7 20. Nce5 Ba6 1/2-1/2

[Event "Belgrade Trophy 32nd"]
[Site "Belgrade"]
[Date "2018.11.28"]
[Round "5"]
[White "Zdravkovic, Dragan S"]
[Black "Milutinovic, Dejan D"]
[Result "0-1"]
[WhiteElo "1810"]
[BlackElo "1977"]
[PlyCount "47"]
[EventDate "2018.11.24"]
[EventType "swiss"]
[EventRounds "9"]
[EventCountry "SRB"]
[SourceTitle "CBM 187 Extra"]
[Source "ChessBase"]
[SourceDate "2018.11.04"]
[SourceVersion "1"]
[SourceVersionDate "2018.11.04"]
[SourceQuality "1"]

1. b3 e5 2. Bb2 d6 3. e3 Nf6 4. d4 Nbd7 5. dxe5 dxe5 6. Nf3 e4 7. Nd4 c6 8. Bc4 Be7 9. Nf5 Qa5+ 10. Nd2 Qxf5 11. 0-0 Ne5 12. Bxe5 Bc5 13. a3 a5 14. Bd4 Bd6 15. f4 exf3 16. Nxf3 Qe6 17. Ng5 Qe7 18. a4 c5 19. Bb2 h6 20. Bb5+ Bd7 21. Bxd7+ Nxd7 22. Nf3 0-0 23. Qd3 Ne5 24. Qf5 0-1

[Event "Belgrade Trophy 32nd"]
[Site "Belgrade"]
[Date "2018.11.25"]
[Round "2"]
[White "Milutinovic, Dejan D"]
[Black "Djordjevic, Vuk D"]
[Result "1/2-1/2"]
[WhiteElo "1977"]
[BlackElo "2414"]
[PlyCount "114"]
[EventDate "2018.11.24"]
[EventType "swiss"]
[EventRounds "9"]
[EventCountry "SRB"]
[SourceTitle "CBM 187 Extra"]
[Source "ChessBase"]
[SourceDate "2018.11.04"]
[SourceVersion "1"]
[SourceVersionDate "2018.11.04"]
[SourceQuality "1"]

1. d4 Nf6 2. Nf3 e6 3. e3 b6 4. Bd3 Bb7 5. 0-0 c5 6. c4 Be7 7. Qe2 d6 8. Nc3 0-0 9. Rd1 a6 10. b3 Nbd7 11. Bb2 Qc7 12. Rac1 Rac8 13. d5 Rfe8 14. Qc2 Nf8 15. Ne4 Nxe4 16. Bxe4 e5 17. Qd2 Nd7 18. Bb1 Qd8 19. a3 g6 20. e4 Rb8 21. Bd3 Bc8 22. b4 Nf6 23. Rb1 Bg4 24. Qe3 Nh5 25. h3 Bd7 26. Bf1 f5 27. exf5 Bxf5 28. Bd3 Bxd3 29. Qxd3 Qd7 30. Bc1 Qf5 31. Qxf5 gxf5 32. g3 e4 33. Ng5 Bxg5 34. Bxg5 Kf7 35. bxc5 bxc5 36. g4 fxg4 37. hxg4 Nf6 38. Bf4 Ke7 39. Re1 Rxb1 40. Rxb1 Nd7 41. Re1 Nb6 42. Rxe4+ Kd7 43. Rxe8 Kxe8 44. Bxd6 Nxc4 45. Bxc5 Ne5 46. Kg2 Nxg4 47. Kg3 Nf6 48. Kh4 Nxd5 49. Kg5 Kd7 50. Kh6 Nf6 51. f3 Ke6 52. Kg7 h5 53. Kg6 h4 54. Bf2 h3 55. Bg3 Nd5 56. Kg5 Ne3 57. Kh4 Nc4 1/2-1/2

[Event "Belgrade-chTB Quality"]
[Site "Belgrade"]
[Date "2018.10.14"]
[Round "6.7"]
[White "Popovic, Sava"]
[Black "Milutinovic, Dejan D"]
[Result "1-0"]
[WhiteElo "1820"]
[BlackElo "1977"]
[PlyCount "59"]
[EventDate "2018.09.29"]
[EventType "team-tourn"]
[EventRounds "11"]
[EventCountry "SRB"]
[SourceTitle "CBM 187 Extra"]
[Source "ChessBase"]
[SourceDate "2018.11.04"]
[SourceVersion "1"]
[SourceVersionDate "2018.11.04"]
[SourceQuality "1"]
[WhiteTeam "Belgrade Visan"]
[BlackTeam "Belgrade Lasta"]
[WhiteTeamCountry "SRB"]
[BlackTeamCountry "SRB"]

1. e4 d6 2. d4 Nf6 3. Bd3 Nbd7 4. Ne2 e5 5. c3 Be7 6. f3 a5 7. Be3 c6 8. a4 Qc7 9. Nd2 Rb8 10. g4 h6 11. h4 d5 12. Kf2 c5 13. g5 dxe4 14. gxf6 exd3 15. fxg7 Rg8 16. Ng3 Bf6 17. Nh5 exd4 18. Bf4 Be5 19. Bxe5 Nxe5 20. Nf6+ Kd8 21. Nxg8 f5 22. Ne7 Be6 23. g8Q+ Bxg8 24. Nxg8 dxc3 25. bxc3 c4 26. Qe1 Kd7 27. Rg1 Qd6 28. Rg7+ Kc6 29. Ne7+ Kb6 30. Qxe5 1-0

[Event "Belgrade-chTB Quality"]
[Site "Belgrade"]
[Date "2018.10.13"]
[Round "5.7"]
[White "Milutinovic, Dejan D"]
[Black "Milutinovic, Milan"]
[Result "0-1"]
[WhiteElo "1977"]
[BlackElo "1933"]
[PlyCount "89"]
[EventDate "2018.09.29"]
[EventType "team-tourn"]
[EventRounds "11"]
[EventCountry "SRB"]
[SourceTitle "CBM 187 Extra"]
[Source "ChessBase"]
[SourceDate "2018.11.04"]
[SourceVersion "1"]
[SourceVersionDate "2018.11.04"]
[SourceQuality "1"]
[WhiteTeam "Belgrade Lasta"]
[BlackTeam "Belgrade BASK"]
[WhiteTeamCountry "SRB"]
[BlackTeamCountry "SRB"]

1. d4 d5 2. Nf3 Nf6 3. g3 e6 4. Bg2 h6 5. b3 Bb4+ 6. c3 Bd6 7. Bb2 c6 8. Nbd2 Nbd7 9. c4 Bb4 10. 0-0 0-0 11. a3 Bxd2 12. Nxd2 b6 13. Re1 Bb7 14. Rc1 Rc8 15. f3 c5 16. e4 cxd4 17. e5 Nh7 18. Bxd4 Nc5 19. Rc3 Qd7 20. b4 dxc4 21. Nxc4 Na4 22. Rc2 Bd5 23. Nd6 Bb3 24. Nxc8 Bxc2 25. Qxc2 Rxc8 26. Qd2 Rd8 27. Rd1 Qd5 28. Qc2 b5 29. f4 Qc4 30. Be4 Rxd4 31. Bxh7+ Kf8 32. Bd3 Qc3 33. Kf1 Ke7 34. Be4 Qc4+ 35. Rd3 Rxe4 36. Qxc4 bxc4 37. Rd6 Nb6 38. Rc6 Kd7 39. b5 Re3 40. a4 Ra3 41. Ke2 Rxa4 42. Ke3 Ra3+ 43. Kd4 Ra2 44. Rd6+ Kc7 45. Ke4 0-1

[Event "Belgrade-chT"]
[Site "Belgrade"]
[Date "2017.10.29"]
[Round "9.3"]
[White "Jevtic, Miroljub L"]
[Black "Milutinovic, Dejan D"]
[Result "1-0"]
[WhiteElo "2005"]
[BlackElo "2050"]
[PlyCount "140"]
[EventDate "2017.10.01"]
[EventType "team-tourn"]
[EventRounds "11"]
[EventCountry "SRB"]
[SourceTitle "CBM 181 Extra"]
[Source "ChessBase"]
[SourceDate "2017.12.12"]
[SourceVersion "1"]
[SourceVersionDate "2017.12.12"]
[SourceQuality "1"]
[WhiteTeam "Vreoci Turbina"]
[BlackTeam "Lasta"]
[WhiteTeamCountry "SRB"]
[BlackTeamCountry "SRB"]

1. d4 d6 2. e4 Nf6 3. Nc3 Nbd7 4. Nf3 e5 5. dxe5 dxe5 6. Bc4 Bb4 7. 0-0 0-0 8. Nd5 Bc5 9. Bg5 Bd6 10. Qe2 h6 11. Bh4 c6 12. Ne3 g5 13. Nf5 gxh4 14. Nxd6 Nb6 15. Rad1 Nxc4 16. Nxc4 Qe7 17. Nxh4 Qc5 18. Rd3 Kh7 19. Nd6 Bg4 20. Qd2 Rab8 21. Nhf5 Ng8 22. Rg3 Bxf5 23. Nxf5 Rfd8 24. Rg7+ Kh8 25. Qc1 Qf8 26. Rg3 Rd7 27. f4 Rbd8 28. fxe5 Qc5+ 29. Kh1 Qc4 30. Nxh6 Qxf1+ 31. Qxf1 Rd1 32. Nxf7+ Kh7 33. Kg1 R8d2 34. Rc3 Ne7 35. Ng5+ Kg6 36. Nf3 Rxf1+ 37. Kxf1 Rd1+ 38. Kf2 Kf7 39. Ng5+ Kg6 40. Nf3 Kf7 41. Rd3 Rb1 42. Rb3 b6 43. Nd4 Rc1 44. Rf3+ Ke8 45. e6 Ng6 46. Rg3 Ne7 47. Ke2 c5 48. Kd2 Rh1 49. Rh3 cxd4 50. Rh8+ Ng8 51. Rxg8+ Ke7 52. Rg7+ Kxe6 53. Rxa7 Rxh2 54. Rg7 Kf6 55. Rg8 Rh1 56. Rb8 Ke5 57. Rxb6 Kxe4 58. a4 Ra1 59. b3 Ra2 60. Re6+ Kf4 61. Re1 Kg3 62. Kd3 Kxg2 63. Rc1 Kf2 64. Kxd4 Ke2 65. Kc3 Ke3 66. Kb4 Ke4 67. Kb5 Kd5 68. Rd1+ Ke6 69. c4 Rb2 70. b4 Rxb4+ 1-0

[Event "Belgrade-chT"]
[Site "Belgrade"]
[Date "2016.10.22"]
[Round "13.4"]
[White "Milutinovic, Dejan D"]
[Black "Savic, Mihailo S"]
[Result "0-1"]
[WhiteElo "2046"]
[BlackElo "2067"]
[PlyCount "92"]
[EventDate "2016.10.08"]
[EventType "team-tourn"]
[EventRounds "13"]
[EventCountry "SRB"]
[SourceTitle "CBM 175 Extra"]
[Source "ChessBase"]
[SourceDate "2016.12.12"]
[SourceVersion "1"]
[SourceVersionDate "2016.12.12"]
[SourceQuality "1"]
[WhiteTeam "Lasta"]
[BlackTeam "Belgrade"]
[WhiteTeamCountry "SRB"]
[BlackTeamCountry "SRB"]

1. d4 Nf6 2. Nf3 e6 3. g3 b6 4. Bg2 Bb7 5. b3 Be7 6. Bb2 0-0 7. 0-0 Ne4 8. a3 f5 9. Nbd2 d6 10. c4 Nd7 11. e3 h6 12. Qc2 Ndf6 13. Rac1 Qe8 14. Ne1 Nxd2 15. Qxd2 Bxg2 16. Nxg2 Ne4 17. Qc2 Ng5 18. Nf4 Bd8 19. h4 Ne4 20. d5 e5 21. Ne6 Rf6 22. Kh2 Rg6 23. Rg1 Qf7 24. Nxd8 Rxd8 25. f3 Nc5 26. b4 Nd7 27. Rcf1 Rf8 28. Rf2 Qe7 29. Rgg2 Rgf6 30. f4 R6f7 31. Re2 Re8 32. Rgf2 Nf6 33. Kg1 Ne4 34. Rf3 Rf6 35. Rg2 Qf7 36. Rf1 Rg6 37. Rf3 Rg4 38. Qd1 Qg6 39. Kh2 Qh5 40. Qf1 exf4 41. exf4 Nxg3 42. Rgxg3 Rxh4+ 43. Rh3 Re2+ 44. Kh1 Re1 45. Qxe1 Qxf3+ 46. Kg1 Rg4+ 0-1

[Event "Belgrade Cup 16th"]
[Site "Belgrade"]
[Date "2016.05.13"]
[Round "5.2"]
[White "Kosovac, Milan"]
[Black "Milutinovic, Dejan D"]
[Result "0-1"]
[WhiteElo "2005"]
[BlackElo "2044"]
[PlyCount "71"]
[EventDate "2016.05.09"]
[EventType "team-swiss"]
[EventRounds "5"]
[EventCountry "SRB"]
[SourceTitle "CBM 172 Extra"]
[Source "ChessBase"]
[SourceDate "2016.06.21"]
[SourceVersion "1"]
[SourceVersionDate "2016.06.21"]
[SourceQuality "1"]
[WhiteTeam "Banjica"]
[BlackTeam "Lasta"]
[WhiteTeamCountry "SRB"]
[BlackTeamCountry "SRB"]

1. Nf3 d6 2. d4 Nf6 3. c4 Nbd7 4. Nc3 e5 5. Bg5 Be7 6. e3 c6 7. Qc2 0-0 8. Be2 Qc7 9. 0-0 a5 10. Bh4 Re8 11. Rac1 Nf8 12. dxe5 dxe5 13. Bg3 Ng6 14. h3 Bf8 15. Rfd1 b6 16. Nh4 Nxh4 17. Bxh4 Be7 18. Bg3 Be6 19. b3 g6 20. Bf3 Nd7 21. Ne2 f5 22. Nd4 Ba3 23. Bxc6 Rac8 24. Nb5 Qxc6 25. Nxa3 Qc5 26. Nb5 Rc6 27. Qb2 Rf8 28. Rxd7 Bxd7 29. Bxe5 Re8 30. Bd4 Qe7 31. Nc3 Be6 32. a4 Qh4 33. f4 g5 34. Qf2 Qxf2+ 35. Kxf2 gxf4 36. exf4 0-1

[Event "Belgrade Cup 16th"]
[Site "Belgrade"]
[Date "2016.05.12"]
[Round "4.2"]
[White "Milutinovic, Dejan D"]
[Black "Becelic, Dejan"]
[Result "1-0"]
[WhiteElo "2044"]
[BlackElo "2096"]
[PlyCount "105"]
[EventDate "2016.05.09"]
[EventType "team-swiss"]
[EventRounds "5"]
[EventCountry "SRB"]
[SourceTitle "CBM 172 Extra"]
[Source "ChessBase"]
[SourceDate "2016.06.21"]
[SourceVersion "1"]
[SourceVersionDate "2016.06.21"]
[SourceQuality "1"]
[WhiteTeam "Lasta"]
[BlackTeam "BASK"]
[WhiteTeamCountry "SRB"]
[BlackTeamCountry "SRB"]

1. d4 g6 2. Nf3 Bg7 3. g3 d6 4. Bg2 e5 5. dxe5 dxe5 6. Qxd8+ Kxd8 7. Nc3 f6 8. Be3 c6 9. 0-0-0+ Nd7 10. Ne4 Bh6 11. Bxh6 Nxh6 12. Nxf6 Ke7 13. Nxd7 Bxd7 14. Nxe5 Be6 15. f4 Nf5 16. Rd3 a5 17. a3 Rhg8 18. e4 Nd6 19. Rhd1 Rad8 20. g4 c5 21. f5 Bc8 22. Bf3 Nf7 23. Nxf7 Rxd3 24. Rxd3 Kxf7 25. Rd5 Kf6 26. h4 b6 27. e5+ Ke7 28. e6 gxf5 29. gxf5 Rg3 30. Be4 Rg4 31. Re5 Rg8 32. Bc6 Kd6 33. Re1 Kxc6 34. f6 Bxe6 35. Rxe6+ Kd5 36. Rxb6 Rg4 37. f7 Rf4 38. Rb7 h5 39. Kd2 Kc6 40. Ke3 Rf6 41. Ra7 Kd5 42. b3 a4 43. c4+ Ke5 44. bxa4 Rf1 45. a5 Kd6 46. a6 Kc6 47. Rb7 Rf5 48. a4 Re5+ 49. Kd3 Rf5 50. a5 Rf4 51. Rb6+ Kc7 52. a7 Rxf7 53. a8Q 1-0

[Event "SRB-ch sf"]
[Site "Belgrade"]
[Date "2016.03.23"]
[Round "3"]
[White "Andrijevic, Milan"]
[Black "Milutinovic, Dejan D"]
[Result "1-0"]
[WhiteElo "2273"]
[BlackElo "2065"]
[PlyCount "141"]
[EventDate "2016.03.21"]
[EventType "swiss"]
[EventRounds "9"]
[EventCountry "SRB"]
[SourceTitle "CBM 171 Extra"]
[Source "ChessBase"]
[SourceDate "2016.04.26"]
[SourceVersion "1"]
[SourceVersionDate "2016.04.26"]
[SourceQuality "1"]

1. e4 d6 2. d4 Nf6 3. Nc3 g6 4. Nf3 Bg7 5. Be2 c6 6. 0-0 0-0 7. h3 b5 8. e5 Nfd7 9. Bf4 d5 10. Bd3 a5 11. Qe2 Nb6 12. Ng5 h6 13. Nf3 Na6 14. e6 f5 15. Be5 Nb4 16. a3 Nxd3 17. cxd3 Bxe5 18. Nxe5 Qe8 19. Qd2 Kg7 20. Ne2 Rf6 21. Rac1 Rxe6 22. Nf4 Rd6 23. Nfxg6 Rxg6 24. Nxg6 Qxg6 25. Qf4 Ra7 26. Rfe1 Kf7 27. Re3 Rb7 28. Rg3 Qf6 29. Qf3 Qh4 30. Rxc6 e6 31. Qe2 Bd7 32. Rc1 b4 33. Rc5 Qxd4 34. Rxa5 bxa3 35. Rxa3 Na4 36. Qh5+ Ke7 37. Qxh6 Nxb2 38. Rg7+ Kd6 39. Ra6+ Rb6 40. Rxb6+ Qxb6 41. Qf4+ Kc6 42. d4 Nd3 43. Qe3 Qb1+ 44. Kh2 Qc2 45. f4 Bc8 46. Rg3 Nf2 47. Qa3 Ne4 48. Rg7 Nd6 49. Qa8+ Kb6 50. Qa7+ Kb5 51. Rc7 Nc4 52. Rxc8 Kb4 53. Qe7+ Kc3 54. Qxe6 Kxd4 55. Qf6+ Ke3 56. Re8+ Kd2 57. Qd4+ Qd3 58. Qxd3+ Kxd3 59. g4 fxg4 60. hxg4 Ne3 61. g5 d4 62. g6 Nf5 63. Re5 Nh4 64. g7 Nf3+ 65. Kg3 Nxe5 66. fxe5 Ke2 67. g8Q d3 68. Qc4 Ke3 69. e6 d2 70. Qc2 d1Q 71. Qxd1 1-0

[Event "Belgrade tt Cup"]
[Site "Belgrade"]
[Date "2015.04.20"]
[Round "1.3"]
[White "Milutinovic, Dejan D"]
[Black "Bojanic, Denis"]
[Result "1/2-1/2"]
[WhiteElo "2115"]
[BlackElo "2010"]
[PlyCount "91"]
[EventDate "2015.04.20"]
[EventType "team-swiss"]
[EventRounds "5"]
[EventCountry "SRB"]
[SourceTitle "CBM 166 Extra"]
[Source "ChessBase"]
[SourceDate "2015.06.18"]
[SourceVersion "1"]
[SourceVersionDate "2015.06.18"]
[SourceQuality "1"]
[WhiteTeam "Post Stedionica"]
[BlackTeam "Vidikovac"]
[WhiteTeamCountry "SRB"]
[BlackTeamCountry "SRB"]

1. d4 d5 2. Nf3 Nf6 3. g3 e6 4. Bg2 Bd6 5. 0-0 0-0 6. c4 c6 7. Nc3 Nbd7 8. c5 Bc7 9. e4 dxe4 10. Ng5 e5 11. Ngxe4 exd4 12. Qxd4 Be5 13. Qc4 Nxe4 14. Nxe4 Nf6 15. Qb3 Nxe4 16. Bxe4 Qc7 17. Qc2 f5 18. Bd3 Be6 19. Re1 Rae8 20. Bd2 g6 21. Re2 Bf7 22. Bh6 Bg7 23. Bf4 Be5 24. Bg5 Bg7 25. Rae1 Rxe2 26. Rxe2 Re8 27. Bf4 Qd7 28. b3 Rxe2 29. Bxe2 Qd4 30. Be3 Qa1+ 31. Kg2 Bd5+ 32. f3 Qc3 33. Qxc3 Bxc3 34. h4 h5 35. Kf2 Kf7 36. g4 fxg4 37. fxg4 hxg4 38. Bxg4 Be6 39. Be2 Bf5 40. Bc4+ Kf6 41. Kf3 Ke5 42. Bh6 Be4+ 43. Ke2 Kf5 44. Be3 Bf6 45. Bf2 Kg4 46. Ke3 1/2-1/2

[Event "Belgrade Trophy 28th"]
[Site "Belgrade"]
[Date "2014.12.02"]
[Round "9"]
[White "Jovanovic, Sasa T"]
[Black "Milutinovic, Dejan D"]
[Result "1/2-1/2"]
[WhiteElo "2240"]
[BlackElo "2082"]
[PlyCount "124"]
[EventDate "2014.11.24"]
[EventType "swiss"]
[EventRounds "9"]
[EventCountry "SRB"]
[SourceTitle "CBM 163 Extra"]
[Source "ChessBase"]
[SourceDate "2014.12.23"]
[SourceVersion "1"]
[SourceVersionDate "2014.12.23"]
[SourceQuality "1"]

1. d4 d6 2. Nf3 Nf6 3. g3 Nbd7 4. Bg2 e5 5. 0-0 c6 6. b3 Be7 7. Bb2 Qc7 8. c4 0-0 9. Nc3 Re8 10. h3 Nf8 11. e4 Ng6 12. b4 Bd7 13. d5 a5 14. a3 Qb6 15. c5 Qc7 16. cxd6 Bxd6 17. Rc1 Qb8 18. Qb3 cxd5 19. Nxd5 Nxd5 20. Qxd5 Be6 21. Qb5 axb4 22. axb4 Ra2 23. Rfd1 Rxb2 24. Rxd6 Qxd6 25. Qxe8+ Qf8 26. Qxf8+ Kxf8 27. Ng5 Rxb4 28. Nxe6+ fxe6 29. Rc7 Ne7 30. h4 Ke8 31. Bh3 Kd8 32. Rc5 Nc6 33. Bxe6 Rxe4 34. Kg2 Re1 35. Rd5+ Ke7 36. Bc8 b5 37. Rxb5 Nd4 38. Rd5 Nc6 39. Rd7+ Kf6 40. Bb7 Ne7 41. Ba6 Rc1 42. Bd3 h6 43. Be4 Rc5 44. h5 Kf7 45. Rd6 Rc4 46. Kf3 Rd4 47. Ra6 Nc8 48. Bg6+ Ke7 49. Ke3 Nd6 50. Ra7+ Kf6 51. f4 Nc4+ 52. Kf3 exf4 53. Rf7+ Ke6 54. gxf4 Rd7 55. Rf8 Nd6 56. Kg4 Ke7 57. Ra8 Rd8 58. Ra7+ Rd7 59. Ra2 Rc7 60. Re2+ Kf6 61. Rd2 Ke7 62. Bf5 Nxf5 1/2-1/2

[Event "Belgrade Spring op"]
[Site "Belgrade"]
[Date "2013.03.30"]
[Round "9"]
[White "Milutinovic, Dejan D"]
[Black "Stamatovic, Aleksandar"]
[Result "0-1"]
[WhiteElo "2097"]
[BlackElo "2179"]
[PlyCount "74"]
[EventDate "2013.03.20"]
[EventType "swiss"]
[EventRounds "9"]
[EventCountry "SRB"]
[SourceTitle "CBM 153 Extra"]
[Source "ChessBase"]
[SourceDate "2013.04.22"]
[SourceVersion "1"]
[SourceVersionDate "2013.04.22"]
[SourceQuality "1"]

1. Nf3 Nf6 2. c3 g6 3. d4 Bg7 4. Nbd2 d6 5. e4 0-0 6. Bd3 e5 7. 0-0 Nc6 8. Re1 exd4 9. cxd4 Nh5 10. Nb3 Bg4 11. Be2 Re8 12. h3 Bd7 13. Bc4 h6 14. Qd3 Qf6 15. e5 dxe5 16. dxe5 Qf5 17. g4 Qxd3 18. Bxd3 Rad8 19. Be4 Nxe5 20. Nxe5 Rxe5 21. gxh5 f5 22. Bd5+ Rxd5 23. hxg6 Rd6 24. Nc5 Rxg6+ 25. Kh2 Bc6 26. h4 Rg2+ 27. Kh3 Rxf2 28. Rg1 Rd6 29. Rg3 f4 30. Rg4 Rd1 31. Rg6 h5 32. Be3 Rf3+ 33. Kh2 Rxa1 34. Bg1 Rc1 35. Rg5 Rc2+ 36. Rg2 Rxg2+ 37. Kxg2 Rg3+ 0-1

[Event "Belgrade Spring op"]
[Site "Belgrade"]
[Date "2013.03.25"]
[Round "6"]
[White "Milutinovic, Dejan D"]
[Black "Cetkovic, Miodrag"]
[Result "1/2-1/2"]
[WhiteElo "2097"]
[BlackElo "2223"]
[PlyCount "27"]
[EventDate "2013.03.20"]
[EventType "swiss"]
[EventRounds "9"]
[EventCountry "SRB"]
[SourceTitle "CBM 153 Extra"]
[Source "ChessBase"]
[SourceDate "2013.04.22"]
[SourceVersion "1"]
[SourceVersionDate "2013.04.22"]
[SourceQuality "1"]

1. d4 c5 2. c3 e6 3. Nf3 Nf6 4. Nbd2 d5 5. e3 Nc6 6. Bd3 Qb6 7. 0-0 Be7 8. b3 Qa5 9. Bb2 cxd4 10. exd4 0-0 11. Re1 g6 12. a3 Qc7 13. Ne5 Nd7 14. Ndf3 1/2-1/2